Курс математики. Ч. 6: Начальныя основания дифференциальнаго изчисления. (Запись № 5153802)

Подробности
000 -МАРКЕР
контрольное поле 01531nam2a22002771 4500
001 - ИДЕНТИФИКАТОР ЗАПИСИ
контрольное поле v19\rc\2101262
005 - ИДЕНТИФИКАТОР ВЕРСИИ
контрольное поле 20250620050633.0
035 ## - ДРУГИЕ СИСТЕМНЫЕ НОМЕРА
Идентификатор записи (NLR Aleph) 005184355
100 ## - ДАННЫЕ ОБЩЕЙ ОБРАБОТКИ
Данные общей обработки 20090914d1822 |||y0rusy50 ca
101 1# - ЯЗЫК РЕСУРСА
Язык текста, звукозаписи и т.д. русский
Язык оригинала французский
102 ## - СТРАНА ПУБЛИКАЦИИ ИЛИ ПРОИЗВОДСТВА
Страна публикации Российская Федерация
140 ## - ПОЛЕ КОДИРОВАННЫХ ДАННЫХ: СТАРОПЕЧАТНЫЕ ИЗДАНИЯ - ОБЩАЯ ИНФОРМАЦИЯ
Кодированные данные о старопечатном издании - Основные y a vkc yyyaa0000
200 1# - ЗАГЛАВИЕ И СВЕДЕНИЯ ОБ ОТВЕТСТВЕННОСТИ
Основное заглавие Начальныя основания дифференциальнаго изчисления.
Первые сведения об ответственности Соч. С.Ф. Лакроа.
Последующие сведения об ответственности Перевел с французскаго П. Смирнов
210 ## - ПУБЛИКАЦИЯ, РАСПРОСТРАНЕНИЕ И ДР.
Дата издания, распространения и т.д. 1822
Место издания, распространения и т.д. Б. м.
215 ## - ФИЗИЧЕСКАЯ ХАРАКТЕРИСТИКА
Специфическое обозначение материала и объем [2], V, [1], 216 c., III л. черт.
300 ## - ОБЩИЕ ПРИМЕЧАНИЯ
Текст примечания Ч.6 без шмуцтит. с загл. серии
316 ## - ПРИМЕЧАНИЯ ОБ ОСОБЕННОСТЯХ ЭКЗЕМПЛЯРА
Текст примечания В экз. РНБ (18.73.2.56 (6)) имеется шмуцтит. с загл. серии. Паг. экз.: [4], V, [1], 216 с., III л. черт.
Организация и экземпляр, к которому относится поле NLR: 18.73.2.56 (6)
461 #0 - УРОВЕНЬ НАБОРА
Встроенное поле 001v19\rc\2101258
-- 2001#$aКурс математики$fСоч. [С.Ф.] Лакроа.$vЧ. 6
-- 700#1$aЛакруа$bС.Ф.$f1765-1843$gСильвестр Франсуа$4070
Системный номер (АБИС) связанной записи 5153783
Автор Лакруа, С.Ф. (1765-1843)
Место публикации [Санкт-Петербург]
Дата публикации [1817-1823]
Первые сведения об ответственности Соч. [С.Ф.] Лакроа.
Имя издателя, распространителя и т.д. [в типографии В. Плавильщикова]
Физическая характеристика 7 т.
Заглавие Курс математики
Номер тома Ч. 6
518 1# - ЗАГЛАВИЕ В СТАНДАРТНОМ СОВРЕМЕННОМ ПРАВОПИСАНИИ
Основное заглавие, вариант заглавия или унифицированное заглавие Начальные основания дифференциального исчисления
801 #0 - ИСТОЧНИК ЗАПИСИ
Страна Российская Федерация
Организация NLR
Правила каталогизации psbo
801 #1 - ИСТОЧНИК ЗАПИСИ
Страна Российская Федерация
Организация ProSoft-M
Источник данных rusmarc
852 ## - МЕСТОНАХОЖДЕНИЕ И ШИФР ХРАНЕНИЯ
Идентификатор организации NLR
Шифр хранения (Call Number) 18.73.2.56 (6)
942 ## - ДОПОЛНИТЕЛЬНЫЕ ЭЛЕМЕНТЫ ЗАПИСИ (АБИС)
Тип экземпляра АБИС Книга
980 ## - КОЛЛЕКЦИЯ
Название коллекции Национальная библиография
Экземпляры
Тип экземпляра Дата поступления Библиотека постоянного хранения Библиотека текущего хранения Место хранения Шифр хранения Штрих-код Статус экземпляра
Книга 26.10.2013 РНБ (Садовая) РНБ (Садовая) Русский книжный фонд -Главное здание, Ленинский читальный зал 18.73.2.56(3) 5184355-10